000 00437nam a2200193Ia 4500
003 OSt
005 20220531154501.0
008 210210b1979 xxu||||| |||| 00| 0 eng d
040 _cALeng
082 _a346.066 SINC
100 _aSINGH (Avtar).
_939790
245 _aCompany law
250 _a6
260 _aLucknow
_bEastern book co.
_c1979
300 _a564
690 _aCompany Law
_939791
906 _a034149
942 _2ddc
_cBK
999 _c85046
_d85046